Từ điển sinh học: đai cương và phân tử

Gespeichert in:
Bibliographische Detailangaben
1. Verfasser: Lê Đình Lương
Format: Buch
Sprache:Undetermined
Veröffentlicht: Hà Nội KHKT 1990
Schlagworte:
Tags: Tag hinzufügen
Keine Tags, Fügen Sie den ersten Tag hinzu!
Thư viện lưu trữ: Trung tâm Học liệu Trường Đại học Cần Thơ
LEADER 00493nam a2200169Ia 4500
001 CTU_3464
008 210402s9999 xx 000 0 und d
082 |a 574.03 
082 |b L561 
100 |a Lê Đình Lương 
245 0 |a Từ điển sinh học: đai cương và phân tử 
245 0 |c Lê Đình Lương 
260 |a Hà Nội 
260 |b KHKT 
260 |c 1990 
650 |a biology - terminology 
980 |a Trung tâm Học liệu Trường Đại học Cần Thơ